[Event "Under 1300 knightworm78 Invitational #7"]
[Site "SchemingMind.com"]
[Date "2019.12.05"]
[Round "-"]
[White "Bacon"]
[Black "nammy"]
[Result "1-0"]
[WhiteCountry "BER"]
[BlackCountry "ENG"]
[WhiteElo "1090"]
[WhiteRD "80"]
[BlackElo "874"]
[BlackRD "87"]
[GameID "448658"]

1. e4 e5 2. Nf3 Nc6 3. Nc3 f6 4. Nd5 Nh6 5. Bb5 a6 6. Bxc6 bxc6 7. Nc3 Bc5 8. g3 Qe7 9. O-O O-O 10. d3 a5
11. Be3 Bd6 12. a4 Rb8 13. b3 c5 14. Nb5 Nf7 15. Qd2 Ra8 16. c4 Rb8 17. Na7 Bb7 18. Rab1 Ra8 19. Nb5 c6 20. Nxd6 Qxd6
21. Qc2 Rfe8 22. Rbd1 Nh6 23. Nh4 Qe6 24. Bxh6 gxh6 25. Nf5 Rf8 26. Nxh6+ Kg7 27. Nf5+ Kf7 28. Nh6+ Ke8 29. Nf5 Rh8 30. Ng7+ Kf7
31. Nxe6 Kxe6 32. f4 Rag8 33. Qf2 Rg7 34. fxe5 fxe5 35. Qf6#
1-0

[Event "Under 1300 knightworm78 Invitational #7"]
[Site "SchemingMind.com"]
[Date "2019.11.30"]
[Round "-"]
[White "Carl Lenox"]
[Black "Bacon"]
[Result "1/2-1/2"]
[WhiteCountry "CAN"]
[BlackCountry "BER"]
[WhiteElo "1247"]
[WhiteRD "73"]
[BlackElo "1090"]
[BlackRD "80"]
[GameID "448659"]

1. e4 Nf6 2. e5 Ne4 3. a3 e6 4. b4 Nc6 5. Bb2 g6 6. Qe2 f5 7. exf6 Nxf6 8. c4 Bd6 9. c5 Bf4 10. g3 Bg5
11. Nf3 d5 12. Nxg5 O-O 13. Bg2 h6 14. Nf3 Qe8 15. Nc3 e5 16. Nb5 Qd7 17. Nxe5 Nxe5 18. Bxe5 Nh5 19. O-O Rf5 20. g4 Rxe5
21. Qxe5 Qxb5 22. Qxd5+ Kg7 23. gxh5 Bg4 24. Qd4+ Kh7 25. Qxg4 Qe8 26. Bxb7 Rb8 27. Bg2 gxh5 28. Qf5+ Qg6 29. Qd7+ Qg7 30. Qd3+ Kh8
31. Qe3 h4 32. h3 Rg8 33. Qf3 Rf8 34. Qc3 Rg8 35. c6 Qxc3 36. dxc3 Rf8 37. Rfe1 Rf6 38. Re8+ Kg7 39. Re7+ Kf8 40. Rxc7 Rf7
41. Rc8+ Ke7 42. Re1+ Kd6 43. c4 Rc7 44. Rd8+ Rd7 45. cxd7 h5 46. Ree8 a6 47. Rh8 Ke5 48. Rde8+ Kd4 49. Re4+ Kc3 50. d8=Q Kb3
51. Qd1+ Kxa3 52. Rb8 Ka2 53. Qa4+ Kb2 54. Qxa6 Kc3 55. Qf6+ Kd3 56. Rd8+ Kc2 57. b5 Kb3 58. b6 Kb4 59. b7 Kc5 60. b8=Q
1/2-1/2

[Event "Under 1300 knightworm78 Invitational #7"]
[Site "SchemingMind.com"]
[Date "2019.12.05"]
[Round "-"]
[White "nammy"]
[Black "Carl Lenox"]
[Result "0-1"]
[WhiteCountry "ENG"]
[BlackCountry "CAN"]
[WhiteElo "874"]
[WhiteRD "87"]
[BlackElo "1247"]
[BlackRD "73"]
[GameID "448660"]

1. d4 g6 2. Nc3 Nf6 3. Nf3 d5 4. e3 Bg7 5. h3 c6 6. Bd2 a6 7. Bd3 b5 8. Qe2 Nbd7 9. Nh2 c5 10. O-O c4
11. a3 cxd3 12. Qxd3 O-O 13. Ne2 Bb7 14. b3 Ne4 15. Bc1 e6 16. f3 Nd6 17. Bd2 Re8 18. Rae1 Nb6 19. Kh1 a5 20. g4 a4
21. Ra1 Bc6 22. Ng3 e5 23. Bb4 e4 24. fxe4 dxe4 25. Qd1 Nd5 26. Bd2 Qd7 27. Rc1 Rad8 28. h4 f5 29. c3 Nb6 30. Qe2 Bd5
31. Rb1 axb3 32. Qg2 Na4 33. Qe2 b2 34. Qg2 Bb3 35. Rg1 Nc4 36. gxf5 gxf5 37. Be1 Nxe3 38. Qd2 f4 39. Ne2 Qf7 40. Rg4 Kh8
41. Rg1 Bh6 42. Ng4 Nxg4 43. Rxg4 e3 44. Qd3 f3 45. Bg3 Bc4 46. Qc2 fxe2 47. Bh2 Qf3+ 48. Rg2 Qh3 49. Rgg1 Bd5+ 50. Rg2 Qxg2#
0-1

[Event "Under 1300 knightworm78 Invitational #7"]
[Site "SchemingMind.com"]
[Date "2019.12.03"]
[Round "-"]
[White "James Reed"]
[Black "Carl Lenox"]
[Result "0-1"]
[WhiteCountry "ENG"]
[BlackCountry "CAN"]
[WhiteElo "1208"]
[WhiteRD "80"]
[BlackElo "1247"]
[BlackRD "73"]
[GameID "448661"]

1. e4 c5 2. Nf3 g6 3. d4 cxd4 4. Nxd4 Bg7 5. Nc3 Nc6 6. Nxc6 bxc6 7. Be3 Nf6 8. h3 O-O 9. Bc4 e6 10. Qd2 Bb7
11. O-O d5 12. Be2 Re8 13. Bg5 e5 14. Rfe1 Qd7 15. a3 Nh5 16. Bg4 Qd6 17. Bxh5 gxh5 18. Ne2 d4 19. c3 c5 20. Qd3 f6
21. Bh4 Qc6 22. Qc4+ Qe6 23. Qxe6+ Rxe6 24. Ng3 c4 25. Nf5 Bf8 26. f3 d3 27. Ne3 Rd6 28. Nf5 Rb6 29. b4 cxb3 30. Red1 Rd8
31. Bf2 Rc6 32. Be1 a5 33. a4 Ba6 34. g3 Rb8 35. Bd2 Bc5+ 36. Be3 Bxe3+ 37. Nxe3 Rxc3 38. Nd5 Kg7 39. Nxc3 Rc8 40. Nd5 Rb8
41. Nc7 Bc4 42. h4 Kg6 43. Rac1 Rb4 44. Kf2 Rxa4 45. Nd5 Ra2+ 46. Ke3 Re2#
0-1

[Event "Under 1300 knightworm78 Invitational #7"]
[Site "SchemingMind.com"]
[Date "2019.11.30"]
[Round "-"]
[White "Carl Lenox"]
[Black "Chessibelle"]
[Result "0-1"]
[WhiteCountry "CAN"]
[BlackCountry "ENG"]
[WhiteElo "1281"]
[WhiteRD "74"]
[BlackElo "1155"]
[BlackRD "53"]
[GameID "448662"]

1. e4 e5 2. Nf3 d6 3. d4 g6 4. Bg5 Nf6 5. g3 Be7 6. d5 O-O 7. Bg2 Na6 8. O-O b6 9. Re1 Nc5 10. a3 Ba6
11. b4 Qd7 12. Nbd2 Qd8 13. Nc4 Qd7 14. c3 Bc8 15. bxc5 h6 16. Bxh6 Re8 17. c6 Qg4 18. Bg5 Qh5 19. Ne3 Kg7 20. Bh4 Qh8
21. c4 Nxe4 22. a4 a5 23. h3 f6 24. Qe2 g5 25. Nf5+ Bxf5 26. Rad1 Qh7 27. g4 Bg6 28. Bg3 f5 29. Nxe5 dxe5 30. Bxe5+ Bf6
31. Bxc7 Rh8 32. f3 Nc3 33. Qd2 Nxd1 34. Qxd1 Ra7 35. Bxb6 Raa8 36. d6 Qh4 37. Re6 Raf8 38. Bxa5 Qg3 39. d7 Rxh3 40. c7 Rfh8
41. Kf1 Rh2 42. Ke2 Qxg2+
0-1

[Event "Under 1300 knightworm78 Invitational #7"]
[Site "SchemingMind.com"]
[Date "2019.11.30"]
[Round "-"]
[White "malcolm chugg"]
[Black "Bacon"]
[Result "1-0"]
[WhiteCountry "WLS"]
[BlackCountry "BER"]
[WhiteElo "1243"]
[WhiteRD "54"]
[BlackElo "1082"]
[BlackRD "81"]
[GameID "448663"]

1. e4 Nf6 2. Nc3 e5 3. Nge2 c5 4. Ng3 a6 5. Bc4 Bd6 6. Qe2 b5 7. Bd5 O-O 8. Bxa8 b4 9. Nd1 g6 10. Ne3 Nc6
11. Bxc6 dxc6 12. d3 h5 13. h4 Qe7 14. Nc4 Ng4 15. Bg5 f6 16. Be3 Nxe3 17. fxe3 Kg7 18. Na5 Qc7 19. Nb3 a5 20. O-O-O Bg4
21. Qe1 Bxd1 22. Qxd1 a4 23. Nd2 f5 24. Nf3 Qa5 25. Qd2 fxe4 26. Nxe4 Be7 27. Neg5 Bxg5 28. Nxg5 Qd8 29. Ne6+ Kf6 30. Nxd8 Rxd8
31. Qf2+ Ke6 32. e4 Kd6 33. Qf6+ Kc7 34. Qxe5+ Kb6 35. Rf1 Rd7 36. Qe6 Rg7 37. Rf6 Rc7 38. Rxg6 a3 39. b3 c4 40. dxc4 Kb7
41. Rf6 Kb6 42. Qe8 Ka5 43. Rf5+ c5 44. Rf6 Rb7 45. Qa8+ Ra7 46. Qxa7#
1-0

[Event "Under 1300 knightworm78 Invitational #7"]
[Site "SchemingMind.com"]
[Date "2019.12.05"]
[Round "-"]
[White "nammy"]
[Black "malcolm chugg"]
[Result "0-1"]
[WhiteCountry "ENG"]
[BlackCountry "WLS"]
[WhiteElo "874"]
[WhiteRD "87"]
[BlackElo "1208"]
[BlackRD "52"]
[GameID "448664"]

1. d4 d5 2. Nc3 Nf6 3. e3 Bf5 4. Be2 e6 5. Nf3 Bb4 6. O-O Bxc3 7. bxc3 O-O 8. Bb2 Nc6 9. Ba3 Re8 10. h3 e5
11. Nd2 Qd7 12. Nf3 e4 13. Nh2 a6 14. f3 Nb8 15. c4 Qa4 16. Bb2 dxc4 17. Qc1 Qc6 18. f4 Qd5 19. Re1 b5 20. Nf1 b4
21. Ng3 Bd7 22. a3 Nc6 23. Qb1 b3 24. Rf1 Rab8 25. Qd1 a5 26. Qd2 Kh8 27. Rab1 a4 28. Nh1 g5 29. g3 Bxh3 30. Rf2 Bf5
31. fxg5 Ng4 32. Rff1 h6 33. gxh6 Nxh6 34. Qe1 Bh3 35. Rf6 Ng4 36. Rh6+ Nxh6 37. Nf2 Be6 38. Qf1 Na5 39. Qg2 Bf5 40. Bc3 Re7
41. Qf1 Nc6 42. Qg2 Rg8 43. Bd1 Nd8 44. Qh2 Rg6 45. Bb4 Ree6 46. Ba5 Qxa5 47. Be2 Rc6 48. Qh4 Rcd6 49. g4 Be6 50. Nxe4 Rd7
51. Bf3 f5 52. Nf2 Qd2 53. Qg3 Qxc2 54. Re1 b2 55. Nh3 b1=Q 56. Kf1 Qd3+ 57. Kf2 Qbc2+ 58. Kg1 fxg4 59. Bg2 gxh3 60. Qxg6 Qxg6
61. e4 Qgxg2#
0-1

[Event "Under 1300 knightworm78 Invitational #7"]
[Site "SchemingMind.com"]
[Date "2019.11.30"]
[Round "-"]
[White "malcolm chugg"]
[Black "Carl Lenox"]
[Result "1-0"]
[WhiteCountry "WLS"]
[BlackCountry "CAN"]
[WhiteElo "1243"]
[WhiteRD "54"]
[BlackElo "1281"]
[BlackRD "74"]
[GameID "448665"]

1. f4 e5 2. fxe5 d6 3. Nf3 g6 4. d4 Ne7 5. e4 Bg7 6. Bb5+ c6 7. Ba4 b5 8. Bb3 a5 9. a4 O-O 10. Ng5 d5
11. Qd3 b4 12. Bf4 Nd7 13. e6 f6 14. exd7 Qxd7 15. Nf3 Bb7 16. O-O Ba6 17. Qd1 f5 18. e5 Bxf1 19. Qxf1 Rac8 20. c3 c5
21. Qe1 c4 22. Bd1 b3 23. h4 Rc7 24. Ng5 Bh6 25. Nd2 Nc8 26. Qe3 Nb6 27. Nf1 Nxa4 28. Rb1 Bg7 29. e6 Qd8 30. Bxc7 Qxc7
31. Bf3 Nb6 32. g4 fxg4 33. Bd1 Bh6 34. Bxg4 a4 35. Qe5 Qc6 36. Nh2 Re8 37. Re1 Bg7 38. Qe3 h6 39. Nh3 h5 40. Bf3 Rxe6
41. Qxe6+ Qxe6 42. Rxe6 Nd7 43. Bxd5 a3 44. Ra6+ Kh7 45. Rxa3 Bh6 46. Bxc4
1-0

[Event "Under 1300 knightworm78 Invitational #7"]
[Site "SchemingMind.com"]
[Date "2019.12.03"]
[Round "-"]
[White "James Reed"]
[Black "malcolm chugg"]
[Result "1/2-1/2"]
[WhiteCountry "ENG"]
[BlackCountry "WLS"]
[WhiteElo "1208"]
[WhiteRD "80"]
[BlackElo "1208"]
[BlackRD "52"]
[GameID "448666"]

1. e4 e5 2. Nf3 Nc6 3. Bb5 Nd4 4. Nxd4 exd4 5. d3 Bb4+ 6. Bd2 Qe7 7. a3 Bc5 8. O-O a6 9. Ba4 b5 10. Bb3 Bb7
11. h3 Bb6 12. Bf4 d6 13. Nd2 g5 14. Bg3 Ba5 15. Re1 O-O-O 16. Qe2 Qd7 17. Red1 c5 18. Bd5 Bxd2 19. Qxd2 Bxd5 20. exd5 h6
21. Re1 Nf6 22. Qa5 Qb7 23. Qd2 Qxd5 24. Qa5 Qc6 25. Re7 Rd7 26. Rxd7 Nxd7 27. Qe1 Nf6 28. c3 Re8 29. Qd2 a5 30. Re1 Qa8
31. Bxd6 Qc6 32. Be5 Nd7 33. Bg3 Re6 34. b3 f5 35. Re2 f4 36. Bh2 Nb6 37. Kf1 a4 38. bxa4 Nxa4 39. Qa2 Kd7 40. Rxe6 Qxe6
41. Qxe6+ Kxe6 42. cxd4 cxd4 43. g3 fxg3 44. Bxg3 Nc3 45. Bc7 Nb1 46. Ke2 Nxa3 47. Kf3 Kf5 48. Bd6 h5 49. Bc5 Nc2 50. Ke2 Ke5
51. Be7 Kf5=
1/2-1/2

[Event "Under 1300 knightworm78 Invitational #7"]
[Site "SchemingMind.com"]
[Date "2019.11.30"]
[Round "-"]
[White "malcolm chugg"]
[Black "Chessibelle"]
[Result "1-0"]
[WhiteCountry "WLS"]
[BlackCountry "ENG"]
[WhiteElo "1243"]
[WhiteRD "54"]
[BlackElo "1155"]
[BlackRD "53"]
[GameID "448667"]

1. e4 e5 2. Bb5 Nf6 3. Nc3 Be7 4. Nf3 O-O 5. Ne2 d6 6. d4 c6 7. Bc4 b5 8. Bd3 a6 9. Be3 c5 10. c3 Re8
11. d5 c4 12. Bc2 g6 13. Ng3 Nbd7 14. O-O Ng4 15. Qe2 Ndf6 16. h3 Nh6 17. Bxh6 Nh5 18. Nxh5 f6 19. Ng3 g5 20. b3 Kf7
21. Nd2 Rg8 22. Qh5+ Rg6 23. Nf5 Bd7 24. g3 Bf8 25. Bxf8 Qxf8 26. Qxh7+ Ke8 27. Qxg6+ Kd8 28. Nxd6 Qxd6 29. Qg8+ Be8 30. Nf3 Kc7
31. Qg7+ Kb6 32. h4 Bh5 33. Bd1 g4 34. Nd2 a5 35. Qh6 Be8 36. Qe3+ Kb7 37. bxc4 Qd7 38. Qc5 Qf7 39. cxb5 Kb8 40. Qb6+ Qb7
41. Qxf6 Bxb5 42. c4 Ba6 43. Rb1 Bb5 44. Rxb5
1-0

[Event "Under 1300 knightworm78 Invitational #7"]
[Site "SchemingMind.com"]
[Date "2019.12.03"]
[Round "-"]
[White "Bacon"]
[Black "James Reed"]
[Result "0-1"]
[WhiteCountry "BER"]
[BlackCountry "ENG"]
[WhiteElo "1090"]
[WhiteRD "80"]
[BlackElo "1208"]
[BlackRD "80"]
[GameID "448668"]

1. e4 c5 2. d4 cxd4 3. Qxd4 Nc6 4. Qd3 e5 5. Be2 Bc5 6. Qc4 d6 7. Be3 a6 8. Bxc5 Be6 9. Qc3 dxc5 10. Qxc5 Nd4
11. c3 Nc2+ 12. Kf1 Nxa1 13. Na3 Nf6 14. Nf3 h6 15. g3 Nd7 16. Ne1 Nxc5 17. Nf3 Nd7 18. Kg2 Qb6 19. Rxa1 Qxb2 20. Rd1 Qxa3
21. Rd3 O-O 22. Ne1 Qxa2 23. Bf3 Rac8 24. Rd6 Rfe8 25. Nd3 b6 26. Nb4 Qb2 27. Nxa6 Qxc3 28. g4 Qb2 29. Kg3 Nc5 30. Nxc5 bxc5
31. Bg2 c4 32. Rd1 c3 33. Bf3 Red8 34. Kg2 Rxd1 35. Bxd1 Bb3 36. Bxb3 Qxb3 37. f3 c2 38. Kh3 c1=Q 39. Kg3 Qf4+ 40. Kg2 Qbxf3+
41. Kg1 Rc1#
0-1

[Event "Under 1300 knightworm78 Invitational #7"]
[Site "SchemingMind.com"]
[Date "2019.12.05"]
[Round "-"]
[White "James Reed"]
[Black "nammy"]
[Result "1-0"]
[WhiteCountry "ENG"]
[BlackCountry "ENG"]
[WhiteElo "1208"]
[WhiteRD "80"]
[BlackElo "874"]
[BlackRD "87"]
[GameID "448669"]

1. e4 e5 2. Nf3 Nc6 3. Nc3 d6 4. h3 Nf6 5. a3 Be7 6. Bc4 O-O 7. d3 a6 8. O-O Na7 9. Be3 c6 10. Re1 Bd7
11. Qd2 Qb8 12. b4 b6 13. a4 Qb7 14. Qe2 Nh5 15. Nd2 b5 16. Bb3 Kh8 17. Qxh5 Nc8 18. Nf3 Be8 19. Ng5 f6 20. Qxh7#
1-0

[Event "Under 1300 knightworm78 Invitational #7"]
[Site "SchemingMind.com"]
[Date "2019.12.03"]
[Round "-"]
[White "Chessibelle"]
[Black "James Reed"]
[Result "1-0"]
[WhiteCountry "ENG"]
[BlackCountry "ENG"]
[WhiteElo "1178"]
[WhiteRD "53"]
[BlackElo "1208"]
[BlackRD "80"]
[GameID "448670"]

1. Nf3 Nf6 2. d4 d5 3. e3 Bg4 4. Be2 Nc6 5. O-O h6 6. Nc3 a6 7. h3 Bh5 8. Nh2 e6 9. f3 Bd6 10. Rf2 O-O
11. g4 Bg6 12. f4 Re8 13. a3 Ne4 14. Rf3 Nxc3 15. bxc3 Be4 16. Rf2 b5 17. Bd2 Qe7 18. Bc1 Qh4 19. Nf3 Qe7 20. Nh2 Na5
21. Qf1 Nc4 22. Bd3 Qd7 23. Qe2 c6 24. h4 a5 25. Rg2 Bxg2 26. Qxg2 a4 27. e4 Be7 28. Qf2 Bd6 29. e5 Be7 30. f5 exf5
31. gxf5 f6 32. Kf1 Rf8 33. Qg2 Nb6 34. Bxh6 Rf7 35. Ke2 Kh7 36. Qg6+ Kg8 37. e6 Qe8 38. Rg1 Bf8 39. Kd2 Nc8 40. exf7+ Qxf7
41. Qg4 Ra7 42. Qg2 Kh7 43. Be3 Nd6 44. Qf3 Ne4+ 45. Kc1 Nxc3 46. Kd2 Ne4+ 47. Kd1 Nc3+ 48. Ke1 Bxa3 49. Qf4 Qh5 50. Rg2 Qd1+
51. Kf2 Ne4+ 52. Bxe4 Bb4 53. Kg3 Qh5 54. Bf3 Qf7 55. Bc1 a3 56. Rg1 a2 57. Bb2 Qe7 58. Kh3 Bd6 59. Qg4 b4 60. Qg6+ Kg8
61. Ng4 Qf7 62. Nh6+ Kf8 63. Nxf7 Rxf7 64. Qg2 Ke8 65. Qe2+ Be7 66. Qa6 g5 67. Qc8+ Bd8 68. Re1+ Kf8 69. Qxd8+ Kg7 70. Re8 Ra7
71. hxg5 fxg5 72. Qxg5+ Kf7 73. Bh5#
1-0

[Event "Under 1300 knightworm78 Invitational #7"]
[Site "SchemingMind.com"]
[Date "2019.11.30"]
[Round "-"]
[White "Chessibelle"]
[Black "Bacon"]
[Result "1-0"]
[WhiteCountry "ENG"]
[BlackCountry "BER"]
[WhiteElo "1155"]
[WhiteRD "53"]
[BlackElo "1082"]
[BlackRD "81"]
[GameID "448671"]

1. Nf3 Nc6 2. d4 d5 3. g3 Nf6 4. Bg2 Ne4 5. Bf4 g6 6. O-O e6 7. Nbd2 Bb4 8. Nb3 a5 9. a3 Bd6 10. e3 Nf6
11. c3 a4 12. Nc5 Bxc5 13. Ng5 h6 14. Nh3 g5 15. Be5 Ng4 16. Qxg4 f5 17. Qh5+ Kd7 18. dxc5 Nxe5 19. f4 g4 20. fxe5 Qg5
21. Nxg5 Kc6 22. Qg6 hxg5 23. Qxg5 Kxc5 24. Qf4 Bd7 25. Qb4+ Kc6 26. c4 b6 27. Qb5+ Kb7 28. Qxd7 Rad8 29. Qxe6 Rhe8 30. Qxf5 Rg8
31. Qc2 Rde8 32. Qxa4 Ra8 33. Bxd5+ c6 34. Qxc6+ Ka7 35. Qb7#
1-0

[Event "Under 1300 knightworm78 Invitational #7"]
[Site "SchemingMind.com"]
[Date "2019.12.05"]
[Round "-"]
[White "nammy"]
[Black "Chessibelle"]
[Result "1-0"]
[WhiteCountry "ENG"]
[BlackCountry "ENG"]
[WhiteElo "874"]
[WhiteRD "87"]
[BlackElo "1178"]
[BlackRD "53"]
[GameID "448672"]

1. d4 d5 2. Nc3 Nf6 3. f3 g6 4. Be3 Nc6 5. h3 Bg7 6. Qd2 O-O 7. Bf2 Qd7 8. O-O-O b6 9. e3 e6 10. g4 Qe7
11. Qe2 Nb4 12. f4 Bd7 13. Nf3 c5 14. a3 Nc6 15. h4 Nxg4 16. Rg1 a6 17. Rxg4 h5 18. Rg3 b5 19. Qd3 c4 20. Qd2 a5
21. Nxb5 Qd8 22. b3 Qb6 23. Nc3 f6 24. Rxg6 f5 25. Bg1 Na7 26. Qe2 Qd6 27. Qg2 Qxa3+ 28. Kd2 Qb4 29. Ke1 Qxc3+ 30. Kf2 Qxc2+
31. Kg3 Qxd1 32. Kh2 Qxb3 33. Rxg7+ Kh8 34. Kh1 Qb7 35. Qg6 Rae8 36. Qh7#
1-0

[Event "Under 1300 knightworm78 Invitational #7"]
[Site "SchemingMind.com"]
[Date "2019.12.01"]
[Round "-"]
[White "Bacon"]
[Black "wight knight"]
[Result "0-1"]
[WhiteCountry "BER"]
[BlackCountry "ENG"]
[WhiteElo "1082"]
[WhiteRD "81"]
[BlackElo "1295"]
[BlackRD "54"]
[GameID "448673"]

1. e4 e5 2. Nf3 f6 3. d4 g5 4. d5 Bh6 5. Qd3 g4 6. Nh4 Bxc1 7. Nc3 Bxb2 8. Rd1 b6 9. Nf5 Ba6 10. Na4 Bd4
11. Qf3 gxf3 12. Ng7+ Kf7 13. Nf5 b5 14. Nxd4 exd4 15. gxf3 bxa4 16. Rxd4 Bxf1 17. Rxa4 Bg2 18. Rg1 Bxf3 19. Ra3 Qe7 20. Rg3 Bxe4
21. f3 Bxc2+ 22. Kd2 Bf5 23. Re3 Qb4+ 24. Ke2 Qb2+ 25. Kf1 Na6 26. a4 Re8 27. Re2 Qxe2+ 28. Kg1 Qe1+ 29. Kg2 Re2#
0-1

[Event "Under 1300 knightworm78 Invitational #7"]
[Site "SchemingMind.com"]
[Date "2019.12.05"]
[Round "-"]
[White "wight knight"]
[Black "nammy"]
[Result "1-0"]
[WhiteCountry "ENG"]
[BlackCountry "ENG"]
[WhiteElo "1295"]
[WhiteRD "54"]
[BlackElo "854"]
[BlackRD "93"]
[GameID "448674"]

1. e4 e5 2. Bc4 Nh6 3. d3 d6 4. Bxh6 gxh6 5. Qf3 Qe7 6. Nc3 Bd7 7. Nd5 Qd8 8. Nf6+ Ke7 9. Nxh7 Rxh7 10. O-O-O a6
11. g4 Nc6 12. h4 Bg7 13. Qxf7#
1-0

[Event "Under 1300 knightworm78 Invitational #7"]
[Site "SchemingMind.com"]
[Date "2019.12.01"]
[Round "-"]
[White "Carl Lenox"]
[Black "wight knight"]
[Result "0-1"]
[WhiteCountry "CAN"]
[BlackCountry "ENG"]
[WhiteElo "1281"]
[WhiteRD "74"]
[BlackElo "1295"]
[BlackRD "54"]
[GameID "448675"]

1. e4 e5 2. Nf3 f6 3. a3 Bc5 4. b4 Bb6 5. c4 d6 6. Bb2 Bg4 7. Nc3 c6 8. g3 Nh6 9. Bg2 Bxf3 10. Bxf3 Bd4
11. O-O f5 12. d3 f4 13. Qd2 Qg5 14. a4 Ng4 15. h4 Qg6 16. Rfe1 Bxc3 17. Bxc3 O-O 18. d4 Rd8 19. dxe5 fxg3 20. fxg3 Nd7
21. exd6 Rf8 22. Qg2 c5 23. b5 Nde5 24. Rad1 Nxf3+ 25. Kf1 Nxe1+ 26. Kxe1 Ne3 27. Qg1 Rf1+
0-1

[Event "Under 1300 knightworm78 Invitational #7"]
[Site "SchemingMind.com"]
[Date "2019.12.01"]
[Round "-"]
[White "malcolm chugg"]
[Black "wight knight"]
[Result "0-1"]
[WhiteCountry "WLS"]
[BlackCountry "ENG"]
[WhiteElo "1243"]
[WhiteRD "54"]
[BlackElo "1295"]
[BlackRD "54"]
[GameID "448676"]

1. Nf3 f6 2. e4 g5 3. g4 Nh6 4. e5 Nxg4 5. Nxg5 fxg5 6. Qxg4 d6 7. Qh5+ Kd7 8. Bh3+ e6 9. Qf7+ Qe7 10. Qh5 b5
11. d3 h6 12. exd6 cxd6 13. Bd2 Bb7 14. Rg1 Nc6 15. b3 Nd4 16. Kd1 Bf3+ 17. Kc1 Ne2+ 18. Kb2 Qf6+ 19. c3 Nxg1 20. Bg4 Bxg4
21. Qxg4 Qxf2 22. h4 Ne2 23. Qe4 Bg7 24. Qe3 Qxe3 25. Bxe3 gxh4 26. Nd2 Bxc3+
0-1

[Event "Under 1300 knightworm78 Invitational #7"]
[Site "SchemingMind.com"]
[Date "2019.12.03"]
[Round "-"]
[White "wight knight"]
[Black "James Reed"]
[Result "1-0"]
[WhiteCountry "ENG"]
[BlackCountry "ENG"]
[WhiteElo "1304"]
[WhiteRD "54"]
[BlackElo "1208"]
[BlackRD "80"]
[GameID "448677"]

1. e4 c5 2. Bc4 d6 3. Qf3 Nf6 4. d3 Nc6 5. c3 h6 6. b3 Ne5 7. Qd1 Bg4 8. f3 Bh5 9. g4 Bg6 10. h4 e6
11. h5 Bh7 12. Bb5+ Nfd7 13. Nh3 Be7 14. Bxd7+ Qxd7 15. Bf4 b6 16. Bxe5 dxe5 17. Nf2 O-O 18. c4 Bg5 19. Nc3 a6 20. Nh3 Bf6
21. g5 hxg5 22. Na4 Be7 23. Nxb6 Qb7 24. Nxa8 Qxa8 25. a3 a5 26. Qd2 a4 27. Nxg5 f6 28. Nxh7 Kxh7 29. Qg2 Qe8 30. O-O-O f5
31. Qg6+ Qxg6 32. hxg6+ Kxg6 33. Rdg1+ Kf7 34. bxa4 Bd8 35. Kc2 Ba5 36. Rb1 Kf6 37. Rb5 Bc7 38. Rxc5 Bd6 39. Rb5 Bxa3 40. c5 f4
41. c6 Bd6 42. a5 Ra8 43. Ra1 Bc7 44. a6 g6 45. Rb7 Bb8 46. a7 g5 47. Rxb8
1-0

[Event "Under 1300 knightworm78 Invitational #7"]
[Site "SchemingMind.com"]
[Date "2019.11.30"]
[Round "-"]
[White "Chessibelle"]
[Black "wight knight"]
[Result "1-0"]
[WhiteCountry "ENG"]
[BlackCountry "ENG"]
[WhiteElo "1155"]
[WhiteRD "53"]
[BlackElo "1295"]
[BlackRD "54"]
[GameID "448678"]

1. Nf3 f6 2. d4 g5 3. g4 h5 4. Rg1 hxg4 5. Rxg4 d5 6. Rg3 g4 7. Ng1 Rxh2 8. e3 Rh8 9. Nc3 c6 10. Bd2 Nh6
11. b4 Nf5 12. Rxg4 Rh1 13. Qf3 Nh6 14. Rg3 Rh4 15. Bd3 Bg4 16. Qg2 a5 17. f3 Bf5 18. Nge2 Bxd3 19. cxd3 Nf5 20. Rg8 Qd6
21. a3 axb4 22. Qg6+ Kd8 23. Rxf8+ Kc7 24. Qxf5 Kb6 25. Kd1 Rh1+ 26. Be1 bxc3 27. Nxc3 Rxa3 28. Rb1+ Ka7 29. Qc8 b5 30. Rd8 Kb6
31. Rxd6 Na6 32. Qxc6+ Ka7 33. Qb6+ Ka8 34. Rd8+ Nb8 35. Qxb8#
1-0